Statistics for Dance Moms Characters Click Quiz - EASY

Click here to take the quiz!

General Stats

  • This quiz has been taken 379 times
  • The average score is 8 of 9

Answer Stats

HintAnswer% Correct
MelissaMackenzie & Maddie
97%
HollyNia
95%
KellyBrooke & Paige
94%
ChristiChloe
93%
CathyVivi-Anne
93%
JillKendall
90%
AshleeBrynn
89%
KiraKalani
87%
JessalynnJoJo
83%

Score Distribution

Percentile by Number Answered

Percent of People with Each Score

Your Score History

You have not taken this quiz